000
00309 a2200145 4500
001
107004
041
_a
por
090
_a
DVD 0162
245
1
0
_a
Brincando com Ênio e Beto
250
_a
. ed.
300
_a
1 dvd (30 min.)
040
_a
BR-BrIDEA
_c
BR-BrIDEA
260
_a
[S.l.]
_b
Rimo
_c
2008
942
_c
CF
999
_c
107004
_d
107004